00869nam a22002057a 450000500170000000800410001702000150005804000070007304100080008008200210008810000200010924500330012926000340016230000250019636500200022152003600024165000170060165000150061865000300063320251208164843.0211111b ||||| |||| 00| 0 eng d a0696023075 cAL aeng 223a746.43bSEDC aSedgewood Press aCrochet for a Beautiful Home aLondonbSedgewood Pressc1987 a168 p.bHBc26x22cm. b19.95c$d19.95 aThis book offers a superb collection of soft furnishing projects chosen by a range and versatility of crochet techniques and application. It provides a comprehensive and illustrates handmade accessories from table linens and curtains to bedspreads and afghans. It will personalize your home at a fraction of what it would cost you to purchase these items. aTextile Arts aCrocheting aPatterns and Alternatives